Пропуск в контексте
VuFind
Язык
English
Deutsch
Español
Français
Italiano
日本語
Nederlands
Português
Português (Brasil)
中文(简体)
中文(繁體)
Türkçe
עברית
Gaeilge
Cymraeg
Ελληνικά
Català
Euskara
Русский
Čeština
Suomi
Svenska
polski
Dansk
slovenščina
اللغة العربية
বাংলা
Galego
Tiếng Việt
Hrvatski
हिंदी
Все поля
Заглавие
Автор
Предмет
Шифр
ISBN/ISSN
Метка
Найти
Расширенный поиск
Reset Filters
Предлагаемые темы:
Pests
Reset Filters
Show filters (1)
Предлагаемые темы:
Pests
Поиск
Principles of Igneous and Meta...
Цитировать
Отправить на Email
Печать
Запись для экспорта
Экспорт в RefWorks
Экспорт в EndNoteWeb
Экспорт в EndNote
permanent_link
Загрузка...
Principles of Igneous and Metamorphic Petrology
Библиографические подробности
Главный автор:
Philpotts Anthony
Фонды
Описание
Схожие документы
Marc-запись
LEADER
00219 a2200097 4500
020
|a
978521880060
260
942
|c
BK
|6
_
245
|a
Principles of Igneous and Metamorphic Petrology
100
|a
Philpotts Anthony
999
|c
82661
|d
82661
Схожие документы
Principles of Igneous and Metamorphic Petrology
по: Anthony R. Philpotts
Опубликовано: (2009)
Principles of igneous and metamorphic petrology
по: Philpotts, anthony R
Опубликовано: (2009)
Principles of igneous and metamorphic petrology
по: Philpotts,AR
Опубликовано: (2013)
Petrology of Igneous and Metamorphic Rocks
по: Anthony R.Philpotts
Опубликовано: (1989)
Principles of igneous and metamorphic petrology
по: Philipotts, Anthony R.
Опубликовано: (1994)
Загрузка...